000 00348 a2200157 4500
001 153244
040 _cEscola São Tomás de Aquino
100 _aSHAKESPEARE, William
240 1 0 _aA megera domada
_lpor
245 1 0 _aA megera domada
300 _a120
362 0 _a2000
440 1 _aScipione
697 _a*LITERATURA JUVENIL
942 _cBK
999 _c153244
_d153244